Statistics for Vancouver Canucks Roster 2021

Click here to take the quiz!

General Stats

  • This quiz has been taken 151 times
    (13 since last reset)
  • The average score is 16 of 28

Answer Stats

Pos, #BirthplacePlayer% Correct
F, 6Burnsville, MinnesotaBrock Boeser
100%
F, 53London, OntarioBo Horvat
100%
G, 35San Diego, CaliforniaThatcher Demko
90%
D, 57Houston, TexasTyler Myers
90%
F, 40Sundsvall, SwedenElias Pettersson
90%
D, 88St. Cloud, MinnesotaNate Schmidt
80%
G, 49Lloydminster, SaskatchewanBraden Holtby
80%
D, 43Orlando, FloridaQuinn Hughes
80%
D, 23Östersund, SwedenAlexander Edler
80%
F, 21Gothenburg, SwedenLoui Eriksson
70%
F, 96Braintree, MassachusettsAdam Gaudette
70%
F, 36Bockträsk, SwedenNils Höglander
70%
F, 9East Palestine, OhioJ.T. Miller
70%
F, 70Kitchener, OntarioTanner Pearson
70%
F, 18Langley, British ColumbiaJake Virtanen
70%
F, 83Calgary, AlbertaJay Beagle
60%
F, 26Roubaix, FranceAntoine Roussel
60%
D, 8Victoria, British ColumbiaJordie Benn
50%
D, 48Helsinki, FinlandOlli Juolevi
50%
F, 71Charlottetown, Prince Edward IslandZack MacEwen
40%
F, 20Huntington, New YorkBrandon Sutter
40%
G, 65Windsor, OntarioMichael DiPietro
30%
D, 56Longueuil, QuebecGuillaume Brisebois
20%
D, 63Ypsilanti, MichiganJalen Chatfield
20%
F, 56Mannheim, GermanyMarc Michaelis
10%
F, 38Buffalo, New YorkJustin Bailey
10%
D, 25Dundee, IllinoisBrogan Rafferty
10%
D, 3Boston, MassachusettsJack Rathbone
0%

Score Distribution

Percentile by Number Answered

Percent of People with Each Score

Your Score History

You have not taken this quiz since the last reset